000 00907nam a2200241Ia 4500
003 OSt
005 20220923224028.0
006 a|||||r|||| 00| 0
007 ta
008 220922b |||||||| |||| 00| 0 hin d
024 _a224,219
037 _cTextual
040 _aARTS
_cARTS
_bhin
041 _2hin
_ahin
082 _aO152:gxN, L3
100 _aमदान, इन्द्रनाथ
_9156270
245 0 _aआधुनिकता और हिन्दी साहित्य* कविता, कहानी, नाटक, उपन्यास
246 _aĀdhunikatā aur hindī sāhitya: kavitā, kahānī, nāṭaka, upanyāsa
260 _aनयी दिल्ली
_b राजकमल प्रकाशन
_c1973
300 _a220पृ.
_ccm.
942 _hO152:gxN, L3
_cTEXL
_2CC
999 _c368746
_d368746